000 00581nam a2200193Ia 4500
008 131103s9999 xx 000 0 und d
020 _a812032028X
_cRs.195
040 _aLoreto College
041 _aEnglish
082 _a005.74/PAN
_bLCLIB/46687
100 _aPanneerselvam, R.
245 _aDatabase management systems
_cR. Panneerselvam
260 _aNew Delhi
_bPrentice-Hall of India
_c2006
300 _axiv,277p.
_c 24cm
504 _aIncludes bibliographical references and index
650 _aDatabase Systems
651 _aDatabase Management System
942 _cBK
999 _c20276
_d70755